La muerte cerebral. Trasplante de corazón latiente crimen legalizado. (Registro nro. 388)
[ vista simple ]
| 000 -LEADER | |
|---|---|
| fixed length control field | 00955 am a2200241 a 4500 |
| 005 - FECHA ULTIMA MODIFICACION | |
| control field | 20240223121835.0 |
| 008 - CAMPO DE CONTROL (LIBRO) | |
| fixed length control field | 100618s1994||||ag # f |||| 001 0 spa d |
| 020 ## - INTERNATIONAL STANDARD BOOK NUMBER | |
| ISBN | 9504355099 |
| 041 ## - CODIGO DE IDIOMA | |
| Código de idioma del texto/pista de sonido o título separado | spa |
| 092 ## - SIGNATURA TOPOGRAFICA DEWEY LOCAL | |
| número de clasificación | 616.0783 |
| libristica | 26 |
| sección | FRA |
| 100 1# - ENTRADA PRINCIPAL--NOMBRE PERSONAL | |
| Nombre personal | Francis, Anibal. |
| 9 (RLIN) | 1196 |
| 245 #3 - TITULO PROPIAMENTE DICHO | |
| Título | La muerte cerebral. Trasplante de corazón latiente crimen legalizado. |
| Subtítulo y Título paralelo | Alegato desde la dualidad del hombre: espiritu y materia / |
| Mención de responsabilidad y remanente de la transcripción de la portada | Anibal Francis. |
| 250 ## - MENCION DE EDICION | |
| Mención de edición | 1a ed. |
| 260 ## - PIE DE IMPRENTA | |
| Lugar de publicación, distribución, etc | Buenos Aires: |
| Nombre de la editorial, distribuidor, etc | E.G.A; |
| Fecha de publicación | 1994. |
| 300 ## - DESCRIPCION FISICA | |
| Extension | 195 p. |
| 500 ## - NOTA GENERAL | |
| Nota general | Francis, A. (1994). La muerte cerebral. Trasplante de corazón latiente crimen legalizado. Alegato desde la dualidad del hombre: espíritu y materia. (1a ed.). Buenos Aires : E.G.A. |
| 653 ## - TÉRMINO INDIZADO - PALABRAS CLAVES | |
| Palabra clave | Transplantes de órganos y materiales anatómicos. Ley 24193 |
| 653 ## - TÉRMINO INDIZADO - PALABRAS CLAVES | |
| Palabra clave | Muerte cerebral |
| 653 ## - TÉRMINO INDIZADO - PALABRAS CLAVES | |
| Palabra clave | Pacientes en estado de coma |
| 653 ## - TÉRMINO INDIZADO - PALABRAS CLAVES | |
| Palabra clave | Pacientes que salieron del coma |
| 930 ## - NUMERO DE INVENTARIO | |
| Número de inventario | 1657 |
| 942 ## - ADDED ENTRY ELEMENTS (KOHA) | |
| Source of classification or shelving scheme | Dewey Decimal Classification |
| Item type | Libros |
| Estado de retiro | Existencia | Estado general | No para prestamo | Ubicación permanente | ubicación actual | Sala de ubicación | Fecha de adquisición | Total Checkouts | Número de clasificación | Código de barras | Date last seen | Date last borrowed | Número de ejemplar | Price effective from | Koha tipo de elemento (item) |
|---|---|---|---|---|---|---|---|---|---|---|---|---|---|---|---|
| Biblioteca Medicina | Biblioteca Medicina | Circulación | 13/05/2011 | 2 | 616.0783 26 FRA | 1657 | 06/11/2014 | 23/10/2013 | ej.1 | 13/05/2011 | Libros |